000 00445nam a2200169Ia 4500
008 230524s9999 xx 000 0 und d
082 _a621.43
_bDOM
100 _aV.M.Domkundwar
_942001
245 2 _aA course in Internal Combustion Engines
250 _a4
260 _aNew Delhi
_bDhanpat rai
_c2013
300 _a"XXIII,A-A38p;"
500 _aQuantity Number: 1
650 _aElectrical
700 _aA.V.Domkundwar
_942002
942 _cBK
999 _c56415
_d56415